|
|
|
|
| LEADER |
01799njm a2200421 a 4500 |
| 001 |
000438050 |
| 003 |
CZ BrMZK |
| 005 |
20180621083154.0 |
| 007 |
sd bumennmplne |
| 008 |
980105p19681967xr f cze |
| 028 |
0 |
3 |
|a 0 18 0424 F
|b Supraphon
|
| 028 |
1 |
1 |
|a A 4427
|b Supraphon
|
| 028 |
1 |
1 |
|a A 4428
|b Supraphon
|
| 040 |
|
|
|a BOA001
|b cze
|
| 080 |
|
|
|a 875-13(086.7)
|2 MRF
|
| 100 |
0 |
|
|a Homéros,
|d činný 8. století př. Kr.
|7 jn19981001474
|4 aut
|
| 245 |
1 |
0 |
|a Ilias
|h [zvukový záznam] ;
|b Odyssea : výběr zpěvů z básnického eposu řeckého starověku /
|c Homér ; přeložil Otmar Vaňorný
|
| 246 |
1 |
|
|i Název na obalu:
|a Ilias a Odyssea
|
| 260 |
|
|
|a [Praha] :
|b Supraphon,
|c p1968
|
| 300 |
|
|
|a 1 zvuková deska :
|b 33 ot/min ;
|c 30 cm
|
| 490 |
1 |
|
|a Gramofonový klub ;
|v 1968
|
| 500 |
|
|
|a Gramofonová deska (LP)
|
| 500 |
|
|
|a Režie Josef Cincibus ; redakce Jan Fišer ; hudba Jan F. Fischer ; realizace Josef Cincibus
|
| 511 |
0 |
|
|a Recitují Karel Höger, Luděk Munzar
|
| 518 |
|
|
|a Nahráno v pražském studiu v Lucerně v červnu 1967
|
| 655 |
|
4 |
|a starořecké eposy(LP)
|
| 700 |
1 |
|
|a Höger, Karel,
|d 1909-1977
|7 jk01041587
|4 stl
|
| 700 |
1 |
|
|a Munzar, Luděk,
|d 1933-2019
|7 jn19990218071
|4 stl
|
| 700 |
1 |
|
|a Vaňorný, Otmar,
|d 1860-1947
|7 jk01141592
|4 trl
|
| 700 |
1 |
|
|a Fišer, Jan,
|d 1909-1979
|7 jk01031332
|4 edt
|
| 700 |
1 |
|
|a Cincibus, Josef,
|d 1906-1980
|7 jk01020729
|4 edt
|
| 700 |
1 |
|
|a Fischer, Jan F.,
|d 1921-2006
|7 jk01031264
|4 cmp
|
| 740 |
0 |
2 |
|a Odyssea
|
| 830 |
|
0 |
|a Gramofonový klub
|
| 910 |
|
|
|a BOA001
|b LP-0007.626
|b PK-LP-0132.684
|
| 990 |
|
|
|a AV
|
| 996 |
6 |
|
|b 261H008169
|c LP-0007.626
|l MZK
|r Sklad / do 24 hodin
|n 0
|p kup
|w 000438050
|u 000010
|a 1
|e BOA001
|j MZK50
|s P
|
| 996 |
6 |
|
|b 3119685383
|c PK-LP-0132.684
|l MZK
|r Sklad / do 24 hodin
|n 0
|w 000438050
|u 000020
|a 1
|e BOA001
|j MZK50
|s P
|